Specialità della ginnastica - Statistics

Statistiche generali
  • Questo quiz è stato fatto 83 volte
  • Il punteggio medio è 9 su 13
Statistiche sulle risposte
Form of Gymnastics Event/Apparatus % Corretto
Ginnastica Artistica maschile Anelli
94%
Ginnastica Artistica femminile Trave
90%
Ginnastica artistica maschile / femminile Corpo libero
89%
Ritmica Nastro
83%
Ritmica Palla
81%
Ginnastica Artistica maschile Cavallo con maniglie
76%
Ritmica Cerchio
70%
Ritmica Clavette
70%
Ginnastica artistica maschile / femminile Volteggio
64%
Ginnastica Artistica femminile Parallele asimmetriche
60%
Ginnastica Artistica maschile Sbarra
59%
Ginnastica Artistica maschile Parallele simmetriche
46%
Ritmica (solo junior) Fune
33%
Nessun quiz corrispondente trovato
Distribuzione punteggi
Percentuale di utenti per punteggio
Percentile per numero di risposta
I tuoi punteggi nel tempo
Non hai fatto questo quiz